1678 1613 1269 1805 1424 1604 1315 1172 1146 1383 1477 1417 1089 1376 1151 1043 1194 1574 1237 1732 1749 1742 1167 1009 1217 1206 1706 1093 1207 1450 1465 1187 1150 1123 1140 1049 1191 1954 1706 1671 1354 1617 1501 1855 1181 1065 1798 1305 1014 1337 1282 1043 1178 1832 1960 1807 1380 1373 1134 1589 1533 1961 1907 1279 1693 1075 1003 1449 1115 1065 1783 1389 1296 1042 1991 1746 1285 1854 1972 1112 1750 1641 1307 1935 1370 1497 1872 1314 1648 1599 1989 1161 1050 1465 1148 1688 1766 1650 1418 BCNSPRNW ULIB Ver.6.0+V

เปลี่ยนเป็นภาษาไทย

Change to English
 แสดงรายละเอียดบรรณานุกรม
  กลับหน้าหลัก

Brief Record : Get Marc (ISO 2709) : E-mail record : QR code < ปิดหน้าต่าง
LEADER : 00000nam 2200000uu 4500
001    13399120075
003     ULIB
008    120828s2552||||th 000 0 tha d
020    ^a9786117007156
090    ^aนว.^bพ541จ 2552
100 0  ^aพัดวา
245 00 ^aเจ้าชายแห่งทะเลทรายกับยัยจอมแสบ/^cพัดวา
250    ^aพิมพ์ครั้งที่ 1
260    ^aกรุงเทพฯ :^blovejung,^c2552
300    ^a171 หน้า
710 1  ^ablovejung
945    ^p0^l0^i15778
995    ^aกัณชพร
999    ^aใช้งานได้ทุกระบบ
รายการนี้ยังไม่มีแท็ก
คุณยังไม่ได้ล็อกอิน คุณสามารถมีกิจกรรมร่วมกับเว็บไซต์ได้ แต่ต้องล็อกอินก่อน ::
  ล็อกอิน

รายการสื่อสารสนเทศ

ลำดับที่ ประเภท เลขเรียก/บาร์โค้ด สถานที่ สถานะ
1. นวนิยาย
นวนิยาย
นว. พ541จ 2552  
  Barcode: 15778
ห้องสมุดวิทยาเขตสวรรค์ประชารักษ์
►นวนิยาย
บนชั้น
  ขอยืม

BibComment


ยังไม่เคยถูกคอมเมนท์

คอมเมนท์ทรัพยากรรายการนี้
  คอมเมนท์: เจ้าชายแห่งทะเลท..


 Copyright 2026. Bcnsprnw @Library